Aspectos económicos de la concentración industrial
Uloženo v:
| Hlavní autoři: | , |
|---|---|
| Další autoři: | |
| Médium: | Kniha |
| Jazyk: | španělština |
| Vydáno: |
Santiago
Pontificia Universidad Católica de Chile
1973
|
| Edice: | Trabajos Docentes, 13
|
| Témata: | |
| Tagy: |
Přidat tag
Žádné tagy, Buďte první, kdo vytvoří štítek k tomuto záznamu!
|
MARC
| LEADER | 00000nam a2200000 a 4500 | ||
|---|---|---|---|
| 001 | UCR8633 | ||
| 003 | CL-VaPUC | ||
| 008 | 980529e19730000CL |||||||||||||||||spa|d | ||
| 082 | 0 | 4 | |a 332.4 |b LEN |2 21 |
| 100 | 0 | |a Léniz, Soledad |e author |9 410620 | |
| 700 | |a Meller Bock, Patricio |e autor |9 603136 | ||
| 700 | 0 | |a Swinburn, Carlos |e author |9 410622 | |
| 245 | 1 | 0 | |a Aspectos económicos de la concentración industrial |
| 300 | |a 76 p | ||
| 942 | |c BK | ||
| 945 | |d 19980529 00:00:00 |a crobeson | ||
| 260 | |a Santiago |b Pontificia Universidad Católica de Chile |c 1973 | ||
| 650 | 0 | |a Industrialización |9 263687 | |
| 650 | 0 | |a Economía financiera |9 359635 | |
| 650 | 0 | |a Teoría económica |9 315055 | |
| 583 | |a last modification |c 19980529 00:00:00 |k Rodrigo Vera | ||
| 490 | 0 | |a Trabajos Docentes, 13 | |
| 999 | |c 270030 |d 270028 | ||